| 000 | 00343nam a2200121Ia 4500 | ||
|---|---|---|---|
| 008 | 220216s9999 xx 000 0 und d | ||
| 245 | 0 | _aExport remission scheme: Need for inclusion of plantation sector | |
| 260 |
_bPlanters Chronicle _c2007 |
||
| 300 | _a14-18 | ||
| 520 | _aRubber Alerts 2007(3) | ||
| 650 | _aPlantation sector | ||
| 942 | _cJS | ||
| 999 |
_c59162 _d59162 |
||